Statistieken voor Regio's van Italië - KAART

Klik hier om de quiz te nemen!

Algemene statistieken

  • Deze quiz is 105 keer genomen
  • De gemiddelde score is 10 van 20

Antwoorden op de kaart

Antwoorden kleurgecodeerd door een groen-rode schaal op de quizkaart volgens % correct hieronder.
 

Antwoordstatistieken

HoofdstadRegio% Correct
PalermoSicilie
90%
CagliariSardinie
88%
FirenzeToscane
81%
PerugiaUmbrie
69%
RomeLazio
64%
VenetieVeneto
64%
CatanzaroCalabrie
62%
MilaanLombardije
57%
BolognaEmilia-Romagna
45%
AnconaMarche
40%
TrentoTrentino-Alto Adige
40%
NapelsCampania
38%
GenuaLigurie
38%
TriesteFriuli-Venezia Giulia
36%
CampobassoMolise
36%
L'AquilaAbruzzo
33%
TurijnPiedmont
33%
BariApulie
29%
PotenzaBasilicata
29%
AostaVallei van Aosta
10%

Scoreverdeling

Percentiel versus Aantal Correcte Antwoorden

Procent van Mensen met Elke Score

Uw Scoregeschiedenis

U heeft deze quiz nog niet genomen